Vowel-less Vegetables Quiz Stats

 Plays Quiz Updated Oct 9, 2018

Score 0/20 Timer 02:00
0 Plays Today
Vowel-less Veggie Vegetable % Correct
lttcLettuce
98.5%
brcclBroccoli
97.2%
grlcGarlic
95.8%
clflwrCauliflower
95.4%
sqshSquash
95.4%
cbbgCabbage
95.2%
spnchSpinach
93.5%
trnpTurnip
92.9%
crrtCarrot
91.1%
grn bnGreen Bean
89.8%
Vowel-less Veggie Vegetable % Correct
brssls sprtBrussels Sprout
88.7%
swt pttSweet Potato
87%
pttPotato
82.5%
sprgsAsparagus
81.5%
snp pSnap Pea
81.4%
shlltShallot
77.3%
rtchkArtichoke
72%
nnOnion
60.4%
grn nnGreen Onion
57.2%
cprCaper
47.8%

You're not logged in!

Compare scores with friends on all Sporcle quizzes.
OR
Log In

Sporcle TV

Today on Sporcle TV


Watch our educational content, quiz creation guides, and fun videos on Sporcle TV.

Show Comments

Extras

Top Quizzes Today


Score Distribution

Your Account Isn't Verified!

In order to create a playlist on Sporcle, you need to verify the email address you used during registration. Go to your Sporcle Settings to finish the process.

Report this User

Report this user for behavior that violates our Community Guidelines.

Details: